000 01547nam a2200349 a 4500
001 000021118
003 DO-SdBNP
005 20181108131523.0
007 000021118
008 150130s2009 dr abc 000 0 spa d
020 _a9789803663763
040 _aBPMSU
_bspa
_cBPMSU
082 0 4 _a372.83
_bS498c 1ro. 2009
100 1 _aSeverino, Banahi
245 1 0 _aCiencias sociales 1 :
_b[educación básica] /
_cBanahi Severino ; correcciones Alejandro Hernández Grullón, Juan Ricardo Hernández
260 _aSanto Domingo :
_bActualidad Escolar 2000,
_c2009.
300 _a2v. :
_bil., map. retrs. ;
_c28 cm.
500 _aLa biblioteca posee v.1 .Libro texto y v.2. Libro del maestro
500 _aEste libro ha sido realizado de acuerdo al curriculum vigente y ha sido sometido a la evaluación y aprobación de la SEE. Revisado y actualizado 2009.
505 1 _tUnidad 1.
_tYo tengo una familia --
_tUnidad 2 .
_tMi escuela --
_tUnidd 3 .
_tMi comunidad --
_tUnidad 4 .
_tMi país.
650 4 _aCIENCIAS SOCIALES
_xENSEÑANZA BÁSICA
650 4 _aCIENCIAS SOCIALES
_xESTUDIOS Y EJERCICIOS
650 4 _aCIENCIAS SOCIALES
_xLIBROS DE TEXTOS
650 4 _aCIENCIAS SOCIALES
_xEDUCACIÓN PRIMARIA
650 4 _aEDUCACIÓN PRIMARIA
_zREPÚBLICA DOMINICANA
700 1 2 _aHernández Grullón, Alejandro
_ecorr.
700 1 2 _aHernández, Juan Ricardo
_ecorr.
910 _aValidado. Control de calidad MFF
942 _2ddc
_cBK
945 _aRemanejado para la BNPHU / 2018 VM
956 _aVMATEO
_b10
_c20150603
_lBMSU
_h00151
999 _c7900
_d7900